000 00238nam a2200097Ia 4500
005 20250424112923.0
008 250424s9999 xx 000 0 und d
300 _av., 68 p. : ill. ; 30 cm.
650 _aAccounting--Periodical.
942 _cSR
999 _c37886
_d37886